00352nam a2200145Ia 4500008004100000041000800041082001700049100001800066245003200084250000900116260002600125300000800151365001600159700003100175230718s9999 xx 000 0 und d aeng a620.106bROB aRoberson J.A. aEngineering Fluid Mechanics a4th  c1999bJaico Pub. Hou. a785 cRs.b195.00 aRoberson J.A. & Crowe C.T.